Problemas históricos de actualidad por qué el Canal de Panamá debe ser y será de los panameños (Registro nro. 62049)

Detalles MARC
000 -ENCABEZADO
Número de control [NR] 00713nam a2200181Ia 4500
008 - DE LONGITUD FIJA DE DATOS DE ELEMENTOS - INFORMACIÓN GENERAL
Elementos de longitud fija [NR] 130821s1953 ck gr spa
040 ## - FUENTE DE CATALOGACION [NR]
Agencia de catalogación original [NR] Co-BoUCM
Idioma de catalogación [NR] spa
041 00 - CODIGO DE IDIOMA [R]
Código de idioma para texto/pista de sonido o título separado [R] Español
100 1# - ASIENTO PRINCIPAL--NOMBRE PERSONAL [NR]
Nombre personal [NR] Quimbaya, Anteo
245 10 - MENCION DE TITULO [NR]
Título [NR] Problemas históricos de actualidad por qué el Canal de Panamá debe ser y será de los panameños
Mención de responsabilidad, etc. [NR] Anteo Quimbaya
260 ## - PUBLICACION, DISTRIBUCION, ETC. (PIE DE IMPRENTA) [R]
Lugar de publicación, distribución, etc. [R] Bogotá (Colombia)
Nombre del editor, distribuidor, etc. [R] Ediciones Suramérica
Fecha de publicación, distribución, etc. [R] 1953
300 ## - DESCRIPCION FISICA [R]
Extensión [R] 206 páginas
651 #7 - ASIENTO SECUNDARIO DE MATERIA - NOMBRE GEOGRAFICO [R]
Nombre geográfico [NR] Canal de Panamá
Subdivisión general [R] Historia
9 (RLIN) 26595
651 #7 - ASIENTO SECUNDARIO DE MATERIA - NOMBRE GEOGRAFICO [R]
Nombre geográfico [NR] Estados Unidos
Geographic name following place entry element [OBSOLETE] Relaciones internacionales
Subdivisión geográfica [R] Panamá
9 (RLIN) 7595
651 #7 - ASIENTO SECUNDARIO DE MATERIA - NOMBRE GEOGRAFICO [R]
Nombre geográfico [NR] Panamá
Geographic name following place entry element [OBSOLETE] Relaciones internacionales
Subdivisión geográfica [R] Estados Unidos
9 (RLIN) 21028
942 ## - ELEMENTOS DE ENTRADA AGREGADOS (KOHA)
Tipo de ítem principal el descrito en 300a Libro
Tema principal Historia
Edición 1
Parte restante de la signatura top. Q84p
Sistema de clasificación DEWEY
Clasificación 972.87
Existencias
Total préstamos Signatura topográfica Código de barras Última vez visto Ejemplar Price effective from Tipo de ítem Perdido Sistema de clasificación Dañado No prestable Tipo de ítem específico Suprimido Ubicación habitual Ubicación actual Localización Fecha de creación Forma de adquisición Costo
  972.87 Q84p 3000655 15/12/2012 Ej.1 03/02/2013 Libro   DEWEY     Libro     Bib. Cavelier Acavalier 28/02/2013   0.00